1906 febr. 19-én a budapesti magyar országgyülés feloszlatáskor

Báseň regionálneho autora na tému politickej situácie na Zemplíne v roku 1906

Podrobná bibliografia
Hlavný autor: Bajusz, József id. 1829-1913 (Author)
Médium: Článok
Jazyk:Hungarian
Témy:
Zdroj: 1. Zemplén : Politikai hirlap 1. Roč. 34, č. 15 (21.02.1906), s. 1
LEADER 01332nab#a2200385#ar4500
001 000103496
003 SVKKK
005 20110210101043.0
008 080218d1906 xo |||||||||||||||b|hun
FMT
038 |a SVKKK 
040 |a SVKKK  |b slo  |e AACR2 
041 0 |a hun 
044 |a xo  |c SK 
080 |a 821.511.141-1  |x (476)  |2 1997 
100 1 |a Bajusz, József id.  |d 1829-1913  |4 aut 
242 1 0 |a Rozpustenie národného zhromaždenia v Budapešti 19. februára 1906  |c Jozef Bajusz st.  |y slo 
245 1 2 |a 1906 febr. 19-én a budapesti magyar országgyülés feloszlatáskor  |c Id. József Bajusz 
500 |a Dohľadanie 
520 2 |a Báseň regionálneho autora na tému politickej situácie na Zemplíne v roku 1906 
600 1 4 |a Bajusz, Jozef st.  |d 1829-1913  |x právnik, básnik, publicista  |z Trebišov (Slovensko), Sátoraljaújhely (Slovensko/Maďarsko)  |x pôsobenie 
650 0 4 |a báseň  |x literatúra maďarská 
655 4 |a hungariká 
773 0 |t Zemplén : Politikai hirlap  |g Roč. 34, č. 15 (21.02.1906), s. 1 
957 |a Trebišov 
957 |a Sátoraljaújhely 
958 |a DG 
958 |a HU 
974 |a Ba 
992 |a RBX 
997 |a Bajusz, József id. p. Bajusz, Jozef st.  |d Tőke-Terebes p. Trebišov  |4 aut 
997 |d Sátoraljaújhely 
BAS
852 |a SVKKK  |b BIB 
998 |a RETRO